Регионална библиотека "Любен Каравелов" - Русе

Рондо капричиозо (Запис номер 365813)

MARC детайли
000 -Лидер
Контролно поле с фиксирана дължина 00852ncm a2200265 a 4500
003 - Код на организацията, давaща контролен номер
Контролно поле BLK
005 - Дата и час на последна редакция
Контролно поле 20250128005534.0
008 - Елементи от данни с фиксирана дължина
fixed length control field 200407b bu ||||| |||| 00| 0 bu d
040 ## - Източник на каталожния запис
Идентификатор на билиотеката - собственик на записа BLK
041 ## - Код за език
Код за езика на текст/звукозапис или на отделно заглавие Руски
Код за езика КДБФ Руски
080 ## - УДК
Текстов определител УДК Музика за пиано
УДК код - определител по УДК 786.2
УДК - код + определител 786.2
100 ## - Редна дума - Автор
Автор Мендельсон, Феликс
R(LIN) 389257
139 ## - Редно поле
Редна дума Мендельсон, Феликс
Авторски знак Мен - М 48
245 ## - Сведения за заглавието
Заглавие Рондо капричиозо
Редно поле (дума) Ф. Мендельсон
Подзаглавни данни Для фортепиано
260 ## - Област на издателските данни
9 (RLIN) 402764
Място на издаване, разпространение и проч. Москва
Име на издателя, разпространителя и проч. Музыка
Година на издаване 1966
300 ## - Физическа характеристика
Страници 15 с.
Размери/Мащаб 28 см
380 ## - Жанр
Жанр Изкуство
650 #0 - Допълнително описание по предмет – тема
Основно описание – тема или топоним Пиано - композиции
9 (RLIN) 275984
653 #7 - Ключова дума – ненормативна
9 (RLIN) 195748
Ключова дума рондо
852 ## - Местоположение
Форматна сигнатура Цб М ІІ 4103
999 ## - СИСТЕМНИ КОНТРОЛНИ НОМЕРА
Koha biblionumber 365813
Koha biblioitemnumber 365813
942 ## - АРТИКУЛИ
Източник на класификационната схема Universal Decimal Classification
Вид на библиотечния материал Нотни издания
Скрит в OPAC Не
Периодичен библиозапис Да
944 ## - СЪЗДАВАНЕ И РЕДАКЦИЯ на ЗАПИСА
Създаване/Редакция Създаване
Дата на регистрацията/редакция 2020-04-07
Служител, извършил регистрацията/редакцията
Статус, дата на статуса CRON CRON
999 ## - СИСТЕМНИ КОНТРОЛНИ НОМЕРА
Koha biblioitemnumber 365813
999 ## - СИСТЕМНИ КОНТРОЛНИ НОМЕРА
Koha biblioitemnumber 352320
Наличности
Код за отписване Код за изгубен артикул Източник на класификационната схема Код за повреда Коз за рестрикции Код за отдаване Артикулен № Име на библиотеката - собственик Име на библиотеката, в която се намира в момента Статус (Текущо местоположение) Дата на вписване в системата Местоположение - отдел Цена в лева Инвентарен номер Систематично азбучна сигнатура Баркод Цена в евро Служебен тип на артикула
  Не е изгубен Universal Decimal Classification Не е повреден само за читалня ползва се в читалня 774693 Регионална библиотека "Любен Каравелов" Русе Регионална библиотека "Любен Каравелов" Русе Хранилище 2020-06-07 Хранилище 0.16 173246 Цб М II 4103 900000018250 0.08 Нотни издания
Vip Innovations Ltd, Rousse, Bulgaria 2025